000 00408nam a22001457a 4500
082 _aT-273
100 _aNadeem Ahmad Shah
_936205
245 _aNuclear Disaster Preparedness Level of Medical Responders in Pakistan
260 _aRisalpur,
_bMCE,
_c2020.
300 _a86 pages.
526 _a0
_b0
_c0
_dT_273
650 _aDisaster Management
700 _aSupervisor Dr Naeem Shahzad
942 _2ddc
_cBK
999 _c554459
_d554459